000 00312nam a2200133Ia 4500
008 240703s9999 xx 000 0 und d
041 _aeng
100 _aMuehlhausen
245 _aBusiness Models For Dummies
260 _bWiley India
365 _cRS.
_b 399.00
906 _b35
999 _c41089
_d41089